UBT Library

A Decade of Federal antipoverty programs : (Record no. 42997)

000 -LEADER
fixed length control field 00673cam a2200229 i 4500
001 - CONTROL NUMBER
control field 1762810
005 - DATE AND TIME OF LATEST TRANSACTION
control field 20180221035453.0
008 - FIXED-LENGTH DATA ELEMENTS--GENERAL INFORMATION
fixed length control field 761207s1977 nyu b 101 0 eng
010 ## - LIBRARY OF CONGRESS CONTROL NUMBER
LC control number 76042969
020 ## - INTERNATIONAL STANDARD BOOK NUMBER
International Standard Book Number 0123332508.
-- 0123332567
040 ## - CATALOGING SOURCE
Original cataloging agency DLC
Transcribing agency DLC
Modifying agency DLC
041 ## - LANGUAGE CODE
Language code of text/sound track or separate title eng
043 ## - GEOGRAPHIC AREA CODE
Geographic area code n-us---
080 ## - UNIVERSAL DECIMAL CLASSIFICATION NUMBER
Universal Decimal Classification number 362.50973 HAV
082 00 - DEWEY DECIMAL CLASSIFICATION NUMBER
Classification number 362.50973 HAV
100 ## - Rafti
Rafti 19
101 ## - Shkurtesa
Shkurtesa POL
245 02 - TITLE STATEMENT
Title A Decade of Federal antipoverty programs :
Statement of responsibility, etc edited by Robert H. Haveman.
504 ## - BIBLIOGRAPHY, ETC. NOTE
Bibliography, etc Includes bibliographical references and index.
906 ## - LOCAL DATA ELEMENT F, LDF (RLIN)
a 7
b cbc
c orignew
d 1
e ocip
f 19
g y-gencatlg
942 ## - ADDED ENTRY ELEMENTS (KOHA)
Source of classification or shelving scheme
Item type Books
Holdings
Withdrawn status Lost status Source of classification or shelving scheme Damaged status Not for loan Collection code Permanent location Current location Shelving location Date acquired Total Checkouts Full call number Barcode Date last seen Price effective from Koha item type
          Koleksioni i përgjithshem UBT - Lipjan UBT - Lipjan Koleksioni i përgjithshem 02/21/2018   362.50973 HAV 002-2998265 02/21/2018 02/21/2018 Books
UBT Library © 2015-2024. All rights reserved University Education for Business and Technology